000 00877nam a22002777a 4500
001 798
005 20230926140305.0
020 _a0590477390 :
_c$2.95 ($3.95 Can.)
040 _aIStc
_cIStc
_dIWhN
_dO
_dDLC
_beng
050 0 0 _aPZ7.S86037
_bWi 1994
082 0 0 _a[Fic]
_221
100 1 _aStine, R. L.
245 1 0 _aWhy I'm afraid of bees /
_cR.L. Stine.
260 _aNew York :
_bScholastic,
_c1994.
300 _a117 pages ;
_c20 cm.
490 1 _aGoosebumps ;
_vBook 17
500 _a"An Apple paperback."
505 _aN
520 _aGary's dream is about to come true. He's going to exchange bodies with another kid for a whole week but the new body isn't human.
521 0 _a570
_bLexile
521 1 _aN
_bRaz-Plus
650 1 _aBees
_xFiction.
650 1 _aHorror stories.
906 _a7
_bcbc
_ccopycat
_d3
_encip
_f19
_gy-gencatlg
942 _2ddc
_cBK
_n0
999 _c798
_d798